Introducción al diseño de reactores químicos /
Guardado en:
| Autor Principal: | |
|---|---|
| Otros Autores: | , |
| Formato: | Libro |
| Idioma: | Spanish |
| Publicado: |
Buenos Aires :
Editorial Universitaria de Buenos Aires (EUDEBA),
c1986.
|
| Edición: | 1. ed. |
| Series: | Ediciones previas
|
| Materias: | |
| Etiquetas: |
Agregar Etiqueta
Sin Etiquetas, Sea el primero en etiquetar este registro!
|
| LEADER | 01083cam a22002895a 4500 | ||
|---|---|---|---|
| 001 | EIQ.libpla000679 | ||
| 008 | 920422s1986####ag#a#####b####001#0#spa#d | ||
| 005 | 20070504173608.0 | ||
| 245 | 1 | 0 | |a Introducción al diseño de reactores químicos / |c I.H. Farina, O.A. Ferretti, G.F. Barreto. |
| 250 | |a 1. ed. | ||
| 260 | |a Buenos Aires : |b Editorial Universitaria de Buenos Aires (EUDEBA), |c c1986. | ||
| 300 | |a xxv, 972 p. : |b il. ; |c 23 cm. | ||
| 440 | 0 | |a Ediciones previas | |
| 504 | |a Incluye referencias bibliográfica e índice. | ||
| 020 | |a 9502303016 |z 95003016 | ||
| 100 | 1 | |a Farina, I. H. | |
| 700 | 1 | |a Ferretti, O. A. | |
| 700 | 1 | |a Barreto, G. F. | |
| 650 | 4 | |a Química |x Reactores. | |
| 650 | 4 | |a Chemical |x Reactors. | |
| 650 | 4 | |a Diseño de reactores |x Teoría. | |
| 650 | 4 | |a Design of reactors |x Theory. | |
| 010 | |a 92149719 | ||
| 040 | |a DLC |c DLC |d AR-BbSID | ||
| 859 | |a AR-BbSID |b BIB. PLAPIQUI |h 541.394 |i F 22 |p 3376 |t Ej. 1 |v Ej. 1 | ||
| 859 | |a AR-BbSID |b BIB. PLAPIQUI |h 541.394 |i F 22 |p 4623 |t Ej. 2 |v Ej. 2 | ||
| 859 | |a AR-BbSID |b BIB. PLAPIQUI |h 541.394 |i F 22 |p 5951 |t Ej. 3 |v Ej. 3 | ||
